00574 a2200217 4500260001000000630009900010037001300109037001200122650002800134100002400162260001200186245002500198300001100223650003400234260000900268300001000277100000700287440003100294037001300325020001800338 aParis a65 - Gestion et organisation de lindustrie, du commerce, de la communication et des transports b1, Achat b1, WVSC a6 - SCIENCES APPLIQUEES aPeretti, Jean-Marie bVuibert aGestion du personnel a505 p. aGestion : ressources humaines c1981 b24 cm lFr aCollection Vuibert Gestion aDE 60259 a2-7117-7601-8